[Event "Druzynowe Mistrzostwa Polski Juniorow - I Liga Juniorow 2019"]
[Site "Ustron"]
[Date "1899-12-30"]
[Round "2.19"]
[White "Teclaf, Pawel"]
[Black "Warchol, Bartosz"]
[Result "1-0"]
[WhiteTitle "IM"]
[BlackTitle "I++"]
[WhiteElo "2454"]
[BlackElo "1992"]

1. e4 e5 2. Nf3 Nc6 3. Bb5 a6 4. Ba4 Nf6 5. O-O Be7 6. Re1 b5 7. Bb3 d6 8. c3 O-O
9. d4 Bg4 10. d5 Na5 11. Bc2 c5 12. h3 Bd7 13. b3 Qc7 14. Be3 Rfc8 15. Nbd2 c4
16. b4 Nb7 17. a4 a5 18. axb5 Bxb5 19. Qb1 Rcb8 20. Ba4 Bxa4 21. Rxa4 Nd7 22.
Qa2 Rc8 23. Rb1 Bd8 24. Ne1 f5 25. exf5 Nf6 26. bxa5 Nc5 27. Bxc5 Qxc5 28. Nxc4
Qxd5 29. Rd1 Qf7 30. Nxd6 Qxa2 31. Rxa2 Rxc3 32. Nf3 Rxa5 33. Ne4 Rc8 34. Rxd8+
Rxd8 35. Nxf6+ gxf6 36. Rxa5 1-0

[Event "Druzynowe Mistrzostwa Polski Juniorow - I Liga Juniorow 2019"]
[Site "Ustron"]
[Date "1899-12-30"]
[Round "2.20"]
[White "Dylag, Emilia"]
[Black "Niedbala, Bartlomiej"]
[Result "1/2-1/2"]
[WhiteTitle "k+"]
[BlackTitle "k"]
[WhiteElo "2099"]
[BlackElo "2120"]

1. e4 d6 2. d4 g6 3. Nc3 Bg7 4. f4 Nf6 5. Nf3 O-O 6. Be2 Na6 7. O-O c5 8. d5 Bg4
9. Be3 Nc7 10. a4 Bxf3 11. Bxf3 Nd7 12. Qd3 b6 13. Bg4 Rb8 14. Rfe1 a6 15. Bf2
b5 16. axb5 axb5 17. Ra7 b4 18. Na4 Nf6 19. Bf3 Ra8 20. Rxa8 Qxa8 21. Nb6 Qa7
22. Nc4 Rd8 23. Bh4 Qa6 24. b3 Bf8 25. Rd1 Rd7 26. Qf1 Qa2 27. Nb6 Rd8 28. e5
Nfe8 29. Qe2 Qa7 30. Nc4 Nb5 31. Qe1 Ra8 32. Qf2 Nd4 33. Be4 Ng7 34. g4 Nb5 35.
f5 Nc3 36. Re1 Nxe4 37. Rxe4 Qb7 38. Ne3 dxe5 39. Rxe5 Ne8 40. Qf3 g5 41. Bg3
Bg7 42. f6 Bxf6 43. Rf5 Ng7 44. Rxf6 exf6 45. Qxf6 Qa6 46. Qxg5 f6 47. Qf4 Qa1+
48. Kg2 Qd4 1/2-1/2

[Event "Druzynowe Mistrzostwa Polski Juniorow - I Liga Juniorow 2019"]
[Site "Ustron"]
[Date "1899-12-30"]
[Round "2.21"]
[White "Dziendziel, Mateusz"]
[Black "Wasik, Mateusz"]
[Result "1-0"]
[WhiteTitle "I"]
[BlackTitle "I"]
[WhiteElo "1753"]
[BlackElo "1847"]

1. e4 c5 2. Nf3 e6 3. d4 cxd4 4. Nxd4 a6 5. Nc3 Qc7 6. Bd3 Nc6 7. Be3 Nf6 8. O-O
Ne5 9. Nf3 Ng6 10. a4 b6 11. a5 bxa5 12. Na4 Rb8 13. Re1 d6 14. Qe2 Be7 15. Nd4
O-O 16. Nb3 d5 17. Nac5 Bxc5 18. Bxc5 Rd8 19. e5 Ne8 20. Bxg6 hxg6 21. Bd4 Bd7
22. Rxa5 Bb5 23. Qd2 Rdc8 24. Bc3 Qb7 25. Nd4 Bd7 26. h3 Nc7 27. Rea1 Rd8 28.
Qg5 Ra8 29. Qe7 Qb8 30. R1a2 Qb6 31. R5a3 Be8 32. Rb3 Bb5 33. Nxb5 axb5 34. Ba5
Re8 35. Qxe8+ Nxe8 36. Bxb6 Rxa2 37. Rxb5 Ra8 38. Rc5 Rb8 39. Rc6 Kh7 40. b4 g5
41. c3 Kg6 42. g4 f6 43. exf6 Kxf6 44. Kg2 Ke7 45. Bd4 Kd7 46. Ra6 Rb7 47. Be5
g6 48. Kf3 Nc7 49. Rd6+ Ke7 50. Rc6 Nb5 51. Ke3 Na3 52. Rc7+ Rxc7 53. Bxc7 Nb5
54. Be5 Kf7 55. Kd3 Ke7 56. c4 Na3 57. cxd5 exd5 58. Bb2 Nb5 59. Bc1 Kf6 60. Be3
Na3 61. Bd2 Nb5 62. Bc1 Nd6 63. Kd4 Ke6 64. Bxg5 Ne4 65. Be3 g5 66. f3 1-0

[Event "Druzynowe Mistrzostwa Polski Juniorow - I Liga Juniorow 2019"]
[Site "Ustron"]
[Date "1899-12-30"]
[Round "2.22"]
[White "Jozefczyk, Szymon"]
[Black "Herwy, Jakub"]
[Result "0-1"]
[WhiteTitle "II"]
[BlackTitle "I+"]
[WhiteElo "1714"]
[BlackElo "1641"]

1. e4 c5 2. Nf3 e6 3. d4 cxd4 4. Nxd4 a6 5. Bd3 Nf6 6. Qe2 d6 7. O-O Be7 8. Kh1
Qc7 9. f4 Nbd7 10. Nd2 b6 11. N2f3 Bb7 12. Bd2 O-O 13. Rae1 Nc5 14. e5 Nfe4 15.
Nb3 Nxd2 16. Nfxd2 Nxd3 17. cxd3 dxe5 18. fxe5 Rad8 19. Nf3 Qd7 20. Rd1 Qa4 21.
Nc1 Bc5 22. b3 Qb4 23. Qe1 Qxe1 24. Rfxe1 Rd7 25. d4 Bxf3 26. gxf3 Rxd4 27. Rxd4
Bxd4 28. Kg2 h5 29. Re4 Rd8 30. Ne2 Bb2 31. f4 Rd3 32. Kf2 Kh7 33. Rc4 Ba3 34.
Rc2 Bc5+ 35. Kg2 h4 36. h3 Kg6 37. Rb2 a5 38. Rc2 Kf5 39. Rb2 g5 40. fxg5 Kxg5
41. Rc2 Kf5 42. Rc4 Re3 43. Nd4+ Bxd4 44. Rxd4 Re4 45. Rd7 Kg6 46. Kf3 Rxe5 47.
Rd6 Rb5 48. Rd4 Rb4 49. Rd3 e5 50. Rc3 Kf5 51. a3 Rf4+ 52. Ke2 Re4+ 53. Kf2 Rd4
54. Ke2 Rd6 55. Rc4 e4 56. b4 axb4 57. axb4 Kf4 58. b5 Rd5 59. Rb4 f5 0-1

[Event "Druzynowe Mistrzostwa Polski Juniorow - I Liga Juniorow 2019"]
[Site "Ustron"]
[Date "1899-12-30"]
[Round "2.23"]
[White "Adamczyk, Zuzanna"]
[Black "Pawlak, Emilia"]
[Result "1-0"]
[WhiteTitle "k"]
[BlackTitle "I"]
[WhiteElo "1872"]
[BlackElo "1636"]

1. e4 c5 2. Nf3 d6 3. d4 cxd4 4. Nxd4 Nf6 5. Nc3 a6 6. Bg5 e6 7. f4 Qb6 8. Qd2
Nc6 9. Bxf6 gxf6 10. Nb3 Bd7 11. O-O-O O-O-O 12. g3 Kb8 13. Bg2 Rc8 14. Kb1 Na5
15. Nxa5 Qxa5 16. Qd4 Be7 17. e5 fxe5 18. fxe5 d5 19. Qf4 Qb6 20. Ka1 Be8 21.
Rd3 Rc4 22. Qd2 Rg8 23. b3 Bg5 24. Qe2 Rc7 25. h4 Be7 26. Rhd1 Bb4 27. Qf3 Bc6
28. Na4 Qa5 29. c3 Ba3 30. Rd4 b5 31. Nb2 Bc5 32. b4 Bxb4 33. cxb4 Qb6 34. Qb3
Rgc8 35. R4d2 Be8 36. Nd3 Qd4+ 37. Qb2 Qe3 38. Nc5 Rc6 39. Rd3 Qh6 40. Ra3 Ka7
41. Qd4 Qh5 42. Nxa6+ 1-0

[Event "Druzynowe Mistrzostwa Polski Juniorow - I Liga Juniorow 2019"]
[Site "Ustron"]
[Date "1899-12-30"]
[Round "2.24"]
[White "Szopa, Emilia"]
[Black "Obrochta, Lena"]
[Result "0-1"]
[WhiteTitle "I+"]
[BlackTitle "I++"]
[WhiteElo "1415"]
[BlackElo "1546"]

1. e4 c5 2. Ne2 e6 3. d4 cxd4 4. Nxd4 a6 5. Be2 Qc7 6. O-O Nf6 7. Qd3 Be7 8. c4
d6 9. b3 O-O 10. Bb2 b6 11. Nd2 Bb7 12. Rae1 Nbd7 13. Bd1 Rfd8 14. f4 g6 15. f5
e5 16. Nc2 a5 17. Na3 Nc5 18. Qc2 Bc6 19. Nb5 Qb7 20. Nc3 Rac8 21. a4 Kh8 22.
Nd5 Rg8 23. Nf3 Ncxe4 24. Nxf6 Bxf6 25. Nd2 Nxd2 26. Qxd2 Bxg2 27. Qxd6 Rc6 28.
Qd3 gxf5 29. Kf2 Bh4+ 30. Ke2 Bxf1+ 0-1

[Event "Druzynowe Mistrzostwa Polski Juniorow - I Liga Juniorow 2019"]
[Site "Ustron"]
[Date "1899-12-30"]
[Round "2.25"]
[White "Raczynski, Krzysztof"]
[Black "Skurniak, Szymon"]
[Result "1-0"]
[WhiteTitle "k+"]
[BlackTitle "I+"]
[WhiteElo "2170"]
[BlackElo "2066"]

1. e4 c5 2. Nf3 d6 3. d4 cxd4 4. Nxd4 Nf6 5. Nc3 Nc6 6. Bg5 e6 7. Qd2 a6 8. O-O-O
Bd7 9. f4 b5 10. Bxf6 gxf6 11. Nxc6 Bxc6 12. f5 Qb6 13. Kb1 O-O-O 14. Bd3 d5 15.
exd5 exd5 16. Ne2 d4 17. Ng3 Bd6 18. Be4 Bxg3 19. Bxc6 Qxc6 20. hxg3 Rhg8 21.
Qf2 Qe4 22. Rd3 Rd5 23. Re1 Rxf5 24. Qg1 Qg4 25. Rxd4 Qxg3 26. Rd3 Qf2 27. Rc3+
Kb7 28. Re7+ Kb6 29. Qd1 Rd5 30. Rb7+ Kxb7 31. Qxd5+ Kb8 32. Qd6+ Ka8 33. Qxa6+
Qa7 34. Qc6+ Kb8 35. Rc5 1-0

[Event "Druzynowe Mistrzostwa Polski Juniorow - I Liga Juniorow 2019"]
[Site "Ustron"]
[Date "1899-12-30"]
[Round "2.26"]
[White "Dixa, Oskar"]
[Black "Butyrowski, Marcel"]
[Result "1/2-1/2"]
[WhiteTitle "k"]
[BlackTitle "I++"]
[WhiteElo "2019"]
[BlackElo "2041"]

1. e4 d5 2. exd5 Qxd5 3. Nc3 Qd8 4. d4 Nf6 5. Nf3 g6 6. Bc4 Bg7 7. h3 O-O 8. O-O
Nc6 9. Re1 b6 10. a3 Bb7 11. Be3 e6 12. Qe2 Ne7 13. Rad1 Nf5 14. Ba6 Qc8 15. Bxb7
Qxb7 16. Bf4 Rad8 17. Be5 h5 18. Qc4 Rd7 19. Bxf6 Bxf6 20. Ne5 Bxe5 21. dxe5 Rfd8
22. Rxd7 Rxd7 23. Qe4 Qxe4 24. Nxe4 Kf8 25. c3 Rd5 26. f4 Ke7 27. g4 Ng7 28. Kg2
Ne8 29. Re2 hxg4 30. hxg4 Rd3 31. Nf2 Rd8 32. Kf3 c6 33. Ke3 Nc7 34. c4 b5 35.
b3 Rh8 36. Re1 bxc4 1/2-1/2

[Event "Druzynowe Mistrzostwa Polski Juniorow - I Liga Juniorow 2019"]
[Site "Ustron"]
[Date "1899-12-30"]
[Round "2.27"]
[White "Wojdak, Jan"]
[Black "Ochedzan, Tymon"]
[Result "0-1"]
[WhiteTitle "I"]
[BlackTitle "CM"]
[WhiteElo "1803"]
[BlackElo "2064"]

1. e4 c5 2. Nf3 d6 3. d4 cxd4 4. Nxd4 Nf6 5. Nc3 a6 6. f4 e5 7. Nf3 Nbd7 8. a4
Be7 9. Bd3 O-O 10. O-O Nc5 11. Kh1 d5 12. Nxe5 dxe4 13. Bc4 Be6 14. Qe2 Rc8 15.
Bxe6 Nxe6 16. Be3 Bb4 17. f5 Nd4 18. Qd2 Bxc3 19. bxc3 Nc6 20. Nxc6 Rxc6 21. Bd4
Re8 22. Rfe1 Qd7 23. Qf4 Nd5 24. Qg3 f6 25. Rab1 b6 26. Qg4 e3 27. Qf3 Nxc3 28.
Bxc3 Rxc3 29. Rxb6 Rxc2 30. Rb7 Rc7 31. Rbb1 Qc6 32. Qe2 Qxa4 33. Ra1 Qe4 34.
Qxa6 Rc2 35. Re2 Rxe2 36. Qxe2 Qxf5 37. Rf1 Qe4 38. Qa2+ Kh8 39. Qe2 Rd8 40. Rc1
h6 0-1

[Event "Druzynowe Mistrzostwa Polski Juniorow - I Liga Juniorow 2019"]
[Site "Ustron"]
[Date "1899-12-30"]
[Round "2.28"]
[White "Jedraszek, Pawel"]
[Black "Stanislawski, Karol"]
[Result "1-0"]
[WhiteTitle "I"]
[BlackTitle "II"]
[WhiteElo "1807"]
[BlackElo "1279"]

1. e4 c5 2. Nf3 Nc6 3. d4 cxd4 4. Nxd4 g6 5. c4 Nf6 6. Nc3 Nxd4 7. Qxd4 d6 8. Bg5
Bg7 9. Be2 O-O 10. O-O Be6 11. Qd3 a5 12. Rac1 a4 13. Kh1 Qa5 14. f4 Rfc8 15.
Nd5 Kf8 16. Nxf6 exf6 17. Qxd6+ Kg8 18. Bh4 Rd8 19. Qa3 Rd2 20. Be1 Qd8 21. Bxd2
Qxd2 22. Bd3 f5 23. e5 f6 24. Rcd1 Qa5 25. exf6 Bxf6 26. Qd6 Kf7 27. Rfe1 Ra6
28. Qb8 Rb6 29. Qc7+ Be7 30. Rxe6 Kxe6 31. c5 Qxc5 32. Re1+ Kf6 33. Rxe7 Qxc7
34. Rxc7 Rxb2 35. Kg1 h5 36. Bc4 b5 37. Rf7# 1-0

[Event "Druzynowe Mistrzostwa Polski Juniorow - I Liga Juniorow 2019"]
[Site "Ustron"]
[Date "1899-12-30"]
[Round "2.29"]
[White "Szelag, Zuzanna"]
[Black "Wawrzyniak, Weronika"]
[Result "0-1"]
[WhiteTitle "k"]
[BlackTitle "I"]
[WhiteElo "1942"]
[BlackElo "1493"]

1. e4 c5 2. Nf3 Nc6 3. d4 cxd4 4. Nxd4 Qb6 5. Nb3 Nf6 6. Nc3 e6 7. a3 a6 8. Be3
Qc7 9. Be2 b5 10. O-O Be7 11. f4 d6 12. Qe1 O-O 13. Qg3 Bb7 14. f5 exf5 15. Bh6
Ne8 16. exf5 Ne5 17. Bxg7 Nxg7 18. f6 Bxf6 19. Rxf6 Ng6 20. Rxd6 Rac8 21. Bg4
f5 22. Be2 f4 23. Qd3 Ne5 24. Qd2 f3 25. gxf3 Bxf3 26. Rd1 Nf5 27. Qg5+ Kh8 28.
Kf2 Bxe2 29. Kxe2 Rce8 30. Ne4 Qxc2+ 31. Nbd2 Nxd6 32. Rg1 Nf5 33. Nf6 Nf7+ 0-1

[Event "Druzynowe Mistrzostwa Polski Juniorow - I Liga Juniorow 2019"]
[Site "Ustron"]
[Date "1899-12-30"]
[Round "2.30"]
[White "Barwinska, Ewa"]
[Black "Frackowiak, Lena"]
[Result "1-0"]
[WhiteTitle "I++"]
[BlackTitle "II"]
[WhiteElo "1724"]
[BlackElo "1039"]

1. e4 e6 2. d4 d5 3. Nc3 Bb4 4. e5 c5 5. Bd2 Ne7 6. Nb5 Bxd2+ 7. Qxd2 O-O 8. O-O-O
a6 9. Nd6 cxd4 10. Qxd4 Nbc6 11. Qe3 f6 12. exf6 Qxd6 13. fxe7 Qxe7 14. Ne2 Bd7
15. h4 Rac8 16. Kb1 Qf6 17. f3 Ne5 18. Nd4 Nc4 19. Bxc4 Rxc4 20. h5 Qf4 21. Qd3
Qg3 22. h6 g6 23. Ne2 Qxg2 24. Rhg1 Qxf3 25. Rxg6+ Kh8 26. Rg7 Qxd3 27. cxd3 Rc7
28. Nd4 Rfc8 29. Re7 Ba4 30. Rxc7 Rxc7 31. Re1 Rf7 32. Nxe6 Re7 33. Rf1 Re8 34.
b3 Bb5 35. Kc2 Kg8 36. Nd4 Re3 37. Nxb5 axb5 38. Kc3 Re5 39. Rg1+ Kh8 40. Rg7
b6 41. Rb7 Re6 42. Rb8+ Re8 43. Rxe8# 1-0

[Event "Druzynowe Mistrzostwa Polski Juniorow - I Liga Juniorow 2019"]
[Site "Ustron"]
[Date "1899-12-30"]
[Round "3.1"]
[White "Skurniak, Szymon"]
[Black "Fus, Jakub"]
[Result "0-1"]
[WhiteTitle "I+"]
[BlackTitle "FM"]
[WhiteElo "2066"]
[BlackElo "2341"]

1. d4 Nf6 2. Bg5 c6 3. Nd2 d5 4. Bxf6 exf6 5. e3 Be6 6. Ngf3 Nd7 7. c4 dxc4 8.
Bxc4 Bxc4 9. Nxc4 Bb4+ 10. Ncd2 O-O 11. O-O Qe7 12. Qb3 Nb6 13. Nc4 Nxc4 14. Qxc4
Rfd8 15. a3 Bd6 16. b4 a5 17. b5 cxb5 18. Qxb5 Bxa3 19. Nd2 Bb4 20. Nc4 Qe8 21.
Qxe8+ Rxe8 22. Nb6 Rad8 23. Rfc1 Re6 24. Na4 Rb8 25. Rc7 b5 26. Nc5 Bxc5 27. dxc5
a4 28. Rd1 Ree8 29. Rdd7 Red8 30. Rb7 a3 31. Rxb8 Rxb8 32. c6 a2 33. Rd1 Rc8 34.
g3 b4 35. Kg2 Kf8 36. c7 Rxc7 37. Rd8+ Ke7 38. Ra8 b3 0-1

[Event "Druzynowe Mistrzostwa Polski Juniorow - I Liga Juniorow 2019"]
[Site "Ustron"]
[Date "1899-12-30"]
[Round "3.2"]
[White "Baum, Jonasz"]
[Black "Dixa, Oskar"]
[Result "1-0"]
[WhiteTitle "FM"]
[BlackTitle "k"]
[WhiteElo "2295"]
[BlackElo "2019"]

1. d4 Nf6 2. c4 e6 3. g3 d5 4. Nf3 Be7 5. Bg2 O-O 6. O-O c6 7. Nc3 b6 8. Ne5 Bb7
9. e4 Nbd7 10. Nxc6 Bxc6 11. exd5 Bb7 12. d6 Bxg2 13. dxe7 Qxe7 14. Kxg2 Rac8
15. b3 Rfd8 16. Qe2 Qd6 17. Rd1 a6 18. a4 Qb4 19. Qc2 Qd6 20. f3 Qc6 21. Qe2 Re8
22. Ba3 Qb7 23. Ne4 Nxe4 24. Qxe4 Qb8 25. Rac1 b5 26. cxb5 axb5 27. Rxc8 Rxc8
28. Rc1 Rxc1 29. Bxc1 bxa4 30. bxa4 Qc8 31. Bd2 Nb6 32. a5 Nc4 33. Qd3 Qc6 34.
Bc3 h6 35. Qe4 Qa6 36. d5 exd5 37. Qd4 Kf8 38. Qxg7+ Ke8 39. Qh8+ Kd7 40. Qd4
Qe6 41. Kf2 Kc6 42. a6 Qh3 43. Kg1 Qe6 44. Qf6 Kb6 45. g4 Nd6 46. Qxe6 fxe6 47.
Bg7 Nf7 48. f4 Kxa6 49. h4 Kb5 50. Kf2 Kc5 51. g5 hxg5 52. fxg5 Nd6 53. g6 Nf5
54. h5 Kd6 55. h6 1-0

[Event "Druzynowe Mistrzostwa Polski Juniorow - I Liga Juniorow 2019"]
[Site "Ustron"]
[Date "1899-12-30"]
[Round "3.3"]
[White "Ochedzan, Tymon"]
[Black "Pancewicz, Szymon"]
[Result "1-0"]
[WhiteTitle "CM"]
[BlackTitle "I+"]
[WhiteElo "2064"]
[BlackElo "1724"]

1. e4 c5 2. Nf3 Nc6 3. d4 cxd4 4. Nxd4 Nf6 5. Nc3 e5 6. Ndb5 d6 7. Bg5 a6 8. Na3
b5 9. Nd5 Be7 10. Bxf6 Bxf6 11. c3 Bg5 12. Nc2 Rb8 13. a4 bxa4 14. Ncb4 Nxb4 15.
cxb4 O-O 16. Rxa4 a5 17. b5 Bd7 18. Nc3 d5 19. exd5 f5 20. Be2 e4 21. O-O Bf4
22. Qd4 Rb6 23. g3 Rh6 24. Nd1 Qg5 25. Rxa5 Bd6 26. Ra7 Bc8 27. b6 f4 28. Qxe4
fxg3 29. hxg3 Bh3 30. Ne3 Bxf1 31. Nxf1 Bc5 32. Bf3 Bxb6 33. Rb7 Qf6 34. Qe6+
Qxe6 35. dxe6 Bd4 36. e7 Re8 37. Bd5+ Kh8 38. Bf7 Bxf2+ 39. Kg2 Rf6 40. Bxe8 Bc5
41. Bb5 Rf2+ 42. Kh3 Bxe7 43. Rxe7 g6 44. b3 Rb2 45. Bc4 Rb1 46. Ne3 Rb2 47. Ng4
h5 48. Nf6 1-0

[Event "Druzynowe Mistrzostwa Polski Juniorow - I Liga Juniorow 2019"]
[Site "Ustron"]
[Date "1899-12-30"]
[Round "3.4"]
[White "Sidorczuk, Pawel"]
[Black "Jedraszek, Pawel"]
[Result "1/2-1/2"]
[WhiteTitle "II+"]
[BlackTitle "I"]
[WhiteElo "1610"]
[BlackElo "1807"]

1. e4 c5 2. b3 Nc6 3. Bb2 e5 4. Bc4 Nf6 5. Nf3 Bd6 6. Nc3 a6 7. a4 O-O 8. O-O Ne7
9. d3 Bc7 10. Nd5 Nfxd5 11. Bxd5 Nxd5 12. exd5 d6 13. Nd2 f5 14. f4 Re8 15. Qf3
Qf6 16. Rfe1 Qg6 17. a5 Bd7 18. Bc3 Rac8 19. Nc4 e4 20. Qh3 exd3 21. Qxd3 Bb5
22. Qf3 Re4 23. Rxe4 fxe4 24. f5 exf3 25. fxg6 fxg2 26. gxh7+ Kxh7 27. Kxg2 Re8
28. Re1 Rxe1 29. Bxe1 Bxc4 30. bxc4 Kg6 31. Kf3 Kf5 32. h3 b6 33. axb6 Bxb6 34.
Bg3 Bc7 35. Ke3 a5 36. Kd3 g6 37. Bh2 a4 38. Bg3 a3 39. Kc3 Ke4 40. Kb3 Kd4 41.
Bf2+ Ke4 42. Bh4 Ba5 43. Kxa3 Bd2 44. Be7 Kd4 45. Kb3 Bf4 46. h4 Be5 47. Bg5 Bg7
48. Bf4 Bf8 49. Bh2 Be7 50. Bg3 Ke3 51. Ka4 Kf3 52. Bh2 Ke4 53. Kb5 Kd4 54. Bf4
Kc3 55. Bg3 Kd4 56. Be1 Bf6 57. Bg3 Be7 58. Kc6 Kxc4 59. Bxd6 Bxh4 60. Bxc5 Kc3
61. d6 Kxc2 62. d7 Kb3 63. Kc7 Kc4 64. Ba7 Kd5 65. Bb6 Bf6 66. Kc8 Kc6 67. Bc7
Be7 1/2-1/2

[Event "Druzynowe Mistrzostwa Polski Juniorow - I Liga Juniorow 2019"]
[Site "Ustron"]
[Date "1899-12-30"]
[Round "3.5"]
[White "Wawrzyniak, Weronika"]
[Black "Tarka, Aleksandra"]
[Result "1/2-1/2"]
[WhiteTitle "I"]
[BlackTitle "I++"]
[WhiteElo "1493"]
[BlackElo "1574"]

1. d4 f5 2. c4 Nf6 3. Nf3 g6 4. g3 Bg7 5. Bg2 O-O 6. O-O d6 7. Qc2 e6 8. Rd1 Qe7
9. Nc3 Nc6 10. e4 fxe4 11. Nxe4 Nxe4 12. Qxe4 e5 13. dxe5 dxe5 14. Be3 Bf5 15.
Qd5+ Be6 16. Qc5 Qxc5 17. Bxc5 Rfd8 18. Nd2 Bh6 19. Ne4 Bxc4 20. b3 Be6 21. Nc3
Rxd1+ 22. Rxd1 a6 23. Nd5 Rc8 24. Ne7+ Nxe7 25. Bxe7 Re8 26. Bf6 c6 27. Re1 Bf5
28. Rxe5 Rxe5 29. Bxe5 Bb1 30. a3 Bc2 31. Bh3 Bxb3 32. Bc8 Bf8 33. Bb2 c5 34.
Bxb7 a5 35. Kf1 Bd6 36. Ke2 Kf7 37. Bc8 a4 38. h4 Ke7 39. Ke3 Bd5 40. Bg4 Bb3
41. f4 h5 42. Bh3 Kf7 43. Ke4 Ke7 44. Be5 Ba2 45. Bc8 Bb3 46. Bb2 Ba2 47. Bh3
Bb3 48. g4 hxg4 49. Bxg4 Bc2+ 50. Ke3 c4 51. h5 gxh5 52. Bxh5 c3 53. Bxc3 Bxa3
54. Kd2 Bf5 55. Bd1 Bd6 56. Bxa4 Bxf4+ 1/2-1/2

[Event "Druzynowe Mistrzostwa Polski Juniorow - I Liga Juniorow 2019"]
[Site "Ustron"]
[Date "1899-12-30"]
[Round "3.6"]
[White "Rejniak, Zuzanna"]
[Black "Barwinska, Ewa"]
[Result "1-0"]
[WhiteTitle "k"]
[BlackTitle "I++"]
[WhiteElo "1808"]
[BlackElo "1724"]

1. d4 d5 2. c4 e6 3. Nc3 Nf6 4. Bg5 Nbd7 5. cxd5 exd5 6. Nf3 Be7 7. e3 O-O 8. Qc2
c6 9. Bd3 Re8 10. O-O Ne4 11. Bxe4 Bxg5 12. Bxh7+ Kh8 13. Bd3 Bh6 14. Rfe1 Nf6
15. Ne5 Be6 16. Bf5 Qe7 17. Na4 Nd7 18. Bxe6 Nxe5 19. Bxd5 cxd5 20. dxe5 Qxe5
21. Qc3 Qf5 22. Rad1 Rad8 23. Qa5 b6 24. Qb5 Re5 25. Rd4 Re4 26. Qd3 g6 27. Nc3
Re5 28. Qxf5 Rxf5 29. e4 Bg7 30. Rxd5 Rfxd5 31. Nxd5 Bxb2 32. Re2 Bd4 33. g3 Kg7
34. Kg2 Bc5 35. f4 f5 36. Nc7 Rd7 37. Ne6+ Kf6 38. Nxc5 bxc5 39. e5+ Ke6 40. Rc2
a5 41. Kf2 Rd3 42. h3 Ra3 43. Kg2 Ra4 44. h4 c4 45. Kh3 Ke7 46. h5 gxh5 47. Kh4
Ra3 48. Rxc4 Rxa2 49. Kxh5 Rg2 50. Kg5 Rxg3+ 51. Kxf5 Rb3 52. Rc7+ Kd8 53. Ra7
Rb5 54. Kf6 Rb8 55. e6 a4 56. Rxa4 Rb6 57. Kf7 Rb7+ 58. Kf6 Rb6 59. f5 Kc7 60.
Kf7 1-0

[Event "Druzynowe Mistrzostwa Polski Juniorow - I Liga Juniorow 2019"]
[Site "Ustron"]
[Date "1899-12-30"]
[Round "3.7"]
[White "Warchol, Bartosz"]
[Black "Raczynski, Krzysztof"]
[Result "0-1"]
[WhiteTitle "I++"]
[BlackTitle "k+"]
[WhiteElo "1992"]
[BlackElo "2170"]

1. d4 d6 2. c4 Nf6 3. Nc3 g6 4. e4 Bg7 5. Nf3 O-O 6. Be2 e5 7. O-O Nc6 8. d5 Ne7
9. Ne1 Ne8 10. Nd3 f5 11. Bd2 Nf6 12. f3 f4 13. c5 g5 14. Rc1 Ng6 15. cxd6 cxd6
16. Nb5 Ne8 17. a4 h5 18. Nf2 Rf7 19. Qb3 Bf8 20. Rc4 a6 21. Na3 Rg7 22. Rfc1
g4 23. fxg4 Nh4 24. h3 Nf6 25. Qc2 Bd7 26. Rc7 Rb8 27. Ba5 b6 28. Be1 b5 29. axb5
axb5 30. Ra7 Qb6 31. Rc7 hxg4 32. hxg4 Bxg4 33. Rxg7+ Bxg7 34. Bxg4 Nxg4 35. Qc7
Qxc7 36. Rxc7 Ne3 37. Bb4 Nhxg2 38. Bxd6 Rb6 39. Rc6 Rb7 40. Bc7 Ne1 41. d6 Nf3+
42. Kh1 Nd4 43. Rc1 Bf6 44. Nd3 Kf7 45. Rc5 Ra7 46. Nxe5+ Bxe5 47. Rxe5 Ra8 48.
Re7+ Kf6 49. e5+ Kf5 50. d7 Rh8+ 51. Kg1 Nf3+ 52. Kf2 Ke4 53. Rg7 Rh2+ 54. Rg2
Rxg2# 0-1

[Event "Druzynowe Mistrzostwa Polski Juniorow - I Liga Juniorow 2019"]
[Site "Ustron"]
[Date "1899-12-30"]
[Round "3.8"]
[White "Butyrowski, Marcel"]
[Black "Dylag, Emilia"]
[Result "0-1"]
[WhiteTitle "I++"]
[BlackTitle "k+"]
[WhiteElo "2041"]
[BlackElo "2099"]

1. d4 Nf6 2. c4 g6 3. g3 Bg7 4. Bg2 O-O 5. Nc3 d6 6. Nf3 Nc6 7. O-O Bf5 8. d5 Na5
9. Nd2 c5 10. e4 Bd7 11. Rb1 a6 12. a3 Rc8 13. Qe2 Qc7 14. h3 e6 15. dxe6 Bxe6
16. b3 Nc6 17. Nf3 Rfe8 18. Bb2 Na5 19. Ba1 b5 20. cxb5 Nxb3 21. Bb2 Nd4 22. Qd3
Nxb5 23. e5 Bf5 24. Qd2 dxe5 25. Nxb5 axb5 26. Rbd1 c4 27. Bxe5 Rxe5 28. Nxe5
Qxe5 29. Rfe1 Qc5 30. Qf4 c3 31. g4 Be6 32. g5 Nh5 33. Qc1 c2 34. Rd3 Nf4 35.
Rde3 Nxg2 36. Kxg2 Qxg5+ 37. Kh2 Qf4+ 38. Kg1 Bd4 39. R3e2 Qg3+ 0-1

[Event "Druzynowe Mistrzostwa Polski Juniorow - I Liga Juniorow 2019"]
[Site "Ustron"]
[Date "1899-12-30"]
[Round "3.9"]
[White "Wasik, Mateusz"]
[Black "Wojdak, Jan"]
[Result "1-0"]
[WhiteTitle "I"]
[BlackTitle "I"]
[WhiteElo "1847"]
[BlackElo "1803"]

1. e4 c5 2. Nf3 d6 3. d4 cxd4 4. Nxd4 Nf6 5. Nc3 Nc6 6. h3 e5 7. Nf3 h6 8. Bc4
Be7 9. O-O O-O 10. Be3 Be6 11. Bb3 a6 12. a4 Rc8 13. Qe2 Na5 14. Bxe6 fxe6 15.
Rfd1 Qe8 16. Qd3 Nc6 17. Qe2 Nh5 18. g3 Qg6 19. Kh2 Rf7 20. Rg1 Qf6 21. Ne1 Nf4
22. gxf4 exf4 23. Bd2 f3 24. Qe3 Kh7 25. Rg3 Ne5 26. b3 Qh4 27. Nd3 Bg5 28. Qe1
Nxd3 29. cxd3 Bxd2 30. Qxd2 Rfc7 31. Rc1 d5 32. Rxf3 Qh5 33. Rg3 d4 34. Na2 Rxc1
35. Nxc1 Qc5 36. Ne2 e5 37. f4 exf4 38. Nxf4 Qc3 39. Qxc3 dxc3 40. Rg1 Rf8 41.
Kg3 b5 42. axb5 axb5 43. Nd5 b4 44. Nxb4 Rb8 45. Nc2 Rxb3 46. Kf3 Rb2 47. Rg2
g5 48. Ke3 Rb1 49. Kd4 Rh1 50. Rg3 Kg6 51. Kxc3 Kh5 52. Ne3 Kh4 53. Nf5+ Kh5 54.
Kd4 Rf1 55. Ke5 g4 56. hxg4+ Kg5 57. Rh3 Rf2 58. Rxh6 Kxg4 59. d4 Kg5 60. d5 Rd2
61. d6 Rd1 62. Rh7 Kg6 63. Rg7+ Kh5 64. d7 Rd5+ 65. Kf4 Re5 66. Rh7+ Kg6 67. Kxe5
1-0

[Event "Druzynowe Mistrzostwa Polski Juniorow - I Liga Juniorow 2019"]
[Site "Ustron"]
[Date "1899-12-30"]
[Round "3.10"]
[White "Stanislawski, Karol"]
[Black "Jozefczyk, Szymon"]
[Result "0-1"]
[WhiteTitle "II"]
[BlackTitle "II"]
[WhiteElo "1279"]
[BlackElo "1714"]

1. d4 Nf6 2. Nf3 c5 3. d5 d6 4. Nc3 a6 5. a4 b6 6. e4 Nbd7 7. Be2 g6 8. O-O Bg7
9. Bf4 Bb7 10. Bc4 O-O 11. h3 Ne8 12. Re1 f6 13. Bg3 Ne5 14. Bxe5 fxe5 15. Ng5
Nc7 16. h4 Bc8 17. h5 Rf6 18. hxg6 Rxg6 19. Nf3 Bf6 20. Ne2 Kh8 21. Ng3 Qg8 22.
Kh2 Bg4 23. Rh1 Bh4 24. Nxh4 Bxd1 25. Nxg6+ Qxg6 26. Rhxd1 Rg8 27. Be2 a5 28.
Bf3 Qg5 29. Rd3 Ne8 30. Rad1 Nf6 31. Nf5 Nh5 32. g3 Ng7 33. Nxg7 Qxg7 34. Rh1
Rf8 35. Rb3 Qg5 36. Kg2 Qd2 37. c3 Qd3 38. Bd1 Qxe4+ 39. f3 Qxd5 40. Rxb6 Qd2+
41. Kh3 Rf6 42. Kg4 Rg6+ 43. Kf5 Qd3# 0-1

[Event "Druzynowe Mistrzostwa Polski Juniorow - I Liga Juniorow 2019"]
[Site "Ustron"]
[Date "1899-12-30"]
[Round "3.11"]
[White "Pawlak, Emilia"]
[Black "Szelag, Zuzanna"]
[Result "0-1"]
[WhiteTitle "I"]
[BlackTitle "k"]
[WhiteElo "1636"]
[BlackElo "1942"]

1. e4 c5 2. Ne2 d6 3. g3 e5 4. Bg2 Nf6 5. d3 Be7 6. O-O O-O 7. f4 Nc6 8. h3 d5
9. Nd2 b5 10. exd5 Nxd5 11. Ne4 Bb7 12. f5 Rc8 13. g4 Nd4 14. N2g3 c4 15. f6 gxf6
16. Nh5 cxd3 17. Qd2 Ne2+ 18. Kh1 Ndf4 19. cxd3 Qxd3 20. Nexf6+ Bxf6 21. Nxf6+
Kh8 22. Qxd3 Bxg2+ 23. Kh2 Nxd3 24. Kxg2 Nexc1 25. Rf5 Rcd8 26. Kh2 Rd6 27. a4
Nb3 28. Raf1 Nf4 29. g5 Rd2+ 30. Kh1 Nxh3 31. Rxe5 bxa4 32. Rf3 Nf2+ 33. Kg1 Nc1
34. Ra5 Ncd3 35. Rxa4 Rd1+ 36. Kh2 Rh1+ 37. Kg3 Rh3+ 38. Kg2 Ne1+ 39. Kxf2 Nxf3
40. Kg2 Nxg5 41. Rg4 Rh6 42. Nd7 Rd8 43. Ne5 Rf6 44. Rxg5 Rg8 0-1

[Event "Druzynowe Mistrzostwa Polski Juniorow - I Liga Juniorow 2019"]
[Site "Ustron"]
[Date "1899-12-30"]
[Round "3.12"]
[White "Frackowiak, Lena"]
[Black "Szopa, Emilia"]
[Result "0-1"]
[WhiteTitle "II"]
[BlackTitle "I+"]
[WhiteElo "1039"]
[BlackElo "1415"]

1. e4 c5 2. Nc3 e5 3. Nf3 d6 4. Bc4 Be7 5. d3 Nf6 6. O-O O-O 7. Bg5 Nc6 8. Bxf6
Bxf6 9. h3 a6 10. a4 Nb4 11. Nd5 Be6 12. Nxf6+ Qxf6 13. Bxe6 Qxe6 14. c3 Nc6 15.
Ng5 Qg6 16. Nf3 Ne7 17. Qd2 f5 18. Qg5 Qe6 19. Qh5 h6 20. Nd2 Ng6 21. g3 f4 22.
g4 f3 23. g5 Nf4 24. Qxf3 Nxh3+ 25. Qxh3 Qxh3 26. f3 Qg3+ 27. Kh1 Qh4+ 28. Kg1
Qxg5+ 29. Kh1 Rf4 30. Rf2 Rh4+ 31. Rh2 Rxh2+ 32. Kxh2 Qxd2+ 33. Kg3 Rf8 0-1